000
00183nam a22000977a 4500
041
_a
eng
080
_a
80
100
_a
Michel, M.
245
_a
The Best Of The Mailbox.
999
_c
280118
_d
280118
942
_c
BK